Normal view
MARC view
- ادارة الموارد البشرية-ادارة الافراد
Entry Topical Term
001 - CONTROL NUMBER
- control field: 30089
003 - CONTROL NUMBER IDENTIFIER
- control field: JO-AjAnu
005 - DATE AND TIME OF LATEST TRANSACTION
- control field: 20230606075100.0
008 - FIXED-LENGTH DATA ELEMENTS
- fixed length control field: 230606|| aca||aabn | a|a d
040 ## - CATALOGING SOURCE
- Original cataloging agency: JO-AjAnu
- Transcribing agency: JO-AjAnu
150 ## - HEADING--TOPICAL TERM
- Topical term or geographic name entry element: ادارة الموارد البشرية-ادارة الافراد
670 ## - SOURCE DATA FOUND
- Source citation: Work cat.: (JO-AjAnu)15454: أبو شيخة،نادر احمد, author 30088, ادارة الموارد البشرية: اطار نظري وحالات عملية